| 000 | 00000nam##2200000za#4500 |
| 001 | 9.696861 |
| 003 | CaOODSP |
| 005 | 20210908130104 |
| 007 | cr ||||||||||| |
| 008 | 150407|2009||||xxc|||||o f|0| 0 eng|d |
| 040 | |aCaOODSP|beng |
| 043 | |an-cn--- |
| 086 | 1 |aPS64-102/2009E-PDF |
| 110 | 2 |aRoyal Canadian Mounted Police. |
| 245 | 10|aRadicalization - a guide for the perplexed / |h[electronic resource]|c[by] National Security Criminal Investigations. |
| 260 | |aOttawa - Ontario : |bRoyal Canadian Mounted Police |cJune 2009. |
| 300 | |a20p.|breferences, photographs |
| 590 | |a12-41-Supp|b2012-11-07 |
| 856 | 40|ahttp://publications.gc.ca|qPDF|s3.11 MB|uhttps://publications.gc.ca/collections/collection_2012/grc-rcmp/PS64-102-2009-eng.pdf |